Intervaly spoľahlivosti v bayesovskej štatistike

Vymedzenie bayesovskej štatistiky. Zásadné rozdiely bayesovskej a klasickej štatistiky.Konštrukcia ukazovateľov spoľahlivosti v klasickej a bayesovskej štatistike.

Uložené v:
Podrobná bibliografia
Hlavný autor: Kotlebová, Eva
Ďalší autori: Sivašová, Daniela, 1955-
Médium: Kapitola
Jazyk:Slovak
Predmet:
Tagy: Pridať tag
Žiadne tagy, Buďte prvý, kto otaguje tento záznam!

MARC

LEADER 00000naa$a2200000$$$4500
001 0051687
005 20240502071614.1
041 0 |a slo 
044 |a SK 
245 1 0 |a Intervaly spoľahlivosti v bayesovskej štatistike  |c Eva Kotlebová, Daniela Sivašová 
520 |a Vymedzenie bayesovskej štatistiky. Zásadné rozdiely bayesovskej a klasickej štatistiky.Konštrukcia ukazovateľov spoľahlivosti v klasickej a bayesovskej štatistike. 
610 2 0 |a štatistika ekonomická 
610 2 0 |a parametre ekonomické 
610 2 0 |a metódy štatistické 
610 2 0 |a súbory štatistické 
610 2 0 |a hypotézy štatistické 
610 2 0 |a porovnanie štatistické 
610 2 0 |a rozdelenie početnosti 
100 1 |a Kotlebová, Eva 
700 1 |a Sivašová, Daniela, 1955-